00568nam a22001577a 4500008004100000020001500041050002100056100002300077245010200100260004800202300001500250650003700265650003700302650004100339650003000380220929b |||||||| |||| 00| 0 eng d a0830855438 aBS680b.P43 2019 aGladd, Benjamin L. aFrom Adam and Israel to the church:bA Biblical theology of the people of God/cBenjamin L. Gladd aDowners Grove, IllinoisbIVP Academicc2019 axiv, 182p. aPeople of GodvBiblical teaching aJesus christvPerson and offices aGod (christianity)vWorship and love aChurchvBiblical teaching